000 00463nam a2200169Ia 4500
003 GCL
008 140319s9999 xx 000 0 eng d
040 _aGCL /
_cGCL
082 0 4 _a616.4
_bB D
100 1 _aBOULOUX, P. M. G.
245 1 0 _aDIAGNOSTIC TESTS IN ENDOCRINOLOGY AND DIABETES /
_cBOULOUX, P. M. G.
700 1 _aREES, L. H.
260 _a[S.N] :
_bCHAPMAN AND HALL MEDICAL ،
_c1994
300 _a315 P
650 0 4 _aENDOCRINOLOGY
942 _2ddc
_cBK
999 _c21421
_d21421